[Event "Africa-ch (Women)"]
[Site "Cairo"]
[Date "2025.05.19"]
[Round "8"]
[White "Mohamed Zaki, Jana"]
[Black "Nassr, Lina"]
[Result "1-0"]
[WhiteElo "1891"]
[BlackElo "2029"]
[PlyCount "77"]
[EventDate "2025.05.13"]
[EventType "swiss"]
[EventRounds "9"]
[EventCountry "EGY"]
[SourceTitle "CB22_2025"]
[SourceDate "2025.05.28"]
[SourceVersion "1"]
[SourceVersionDate "2025.05.28"]
[SourceQuality "1"]

1. e4 c5 2. Nf3 e6 3. c3 d5 4. exd5 exd5 5. d4 Nf6 6. Bb5+ Bd7 7. Bxd7+ Nbxd7 8. 0-0 Be7 9. dxc5 Nxc5 10. Be3 0-0 11. Nbd2 Qd7 12. Nd4 Ng4 13. Qf3 f5 14. Ne2 Ne4 15. Rad1 Qc7 16. Bf4 Qb6 17. Nxe4 dxe4 18. Qg3 h5 19. Nd4 Rac8 20. f3 exf3 21. gxf3 Nf6 22. Kh1 Nd5 23. Be5 Bf6 24. Nxf5 h4 25. Qg4 Bxe5 26. Rxd5 Qe6 27. Ne3 Qf6 28. Rd7 Qa6 29. Rg1 g6 30. Qxg6+ Qxg6 31. Rxg6+ Kh8 32. Ng4 Rce8 33. Rh6+ Kg8 34. Rhh7 Re6 35. Nxe5 Rf5 36. Rhg7+ Kf8 37. Ng6+ Ke8 38. Rxb7 Re1+ 39. Kg2 1-0

[Event "Africa-ch (Women)"]
[Site "Cairo"]
[Date "2025.05.15"]
[Round "5"]
[White "Ayemou Mazan, Emmanuela Esther"]
[Black "Mohamed Zaki, Jana"]
[Result "1-0"]
[WhiteElo "1911"]
[BlackElo "1891"]
[PlyCount "147"]
[EventDate "2025.05.13"]
[EventType "swiss"]
[EventRounds "9"]
[EventCountry "EGY"]
[SourceTitle "CB22_2025"]
[SourceDate "2025.05.28"]
[SourceVersion "1"]
[SourceVersionDate "2025.05.28"]
[SourceQuality "1"]

1. e4 Nf6 2. e5 Nd5 3. c4 Nb6 4. d4 d6 5. Nf3 g6 6. exd6 cxd6 7. h3 Bg7 8. Be2 0-0 9. 0-0 Nc6 10. Nc3 Bf5 11. a3 d5 12. c5 Nc8 13. Bf4 e6 14. Bb5 N8e7 15. Bd6 Rc8 16. Re1 h5 17. Qa4 Re8 18. Ne5 a6 19. Bf1 Nxe5 20. dxe5 Nc6 21. Rad1 Qg5 22. h4 Qd8 23. Bd3 d4 24. Na2 Qxh4 25. Nb4 Ne7 26. Nc2 Qg5 27. Be4 Bxe4 28. Rxe4 Nf5 29. Nxd4 Nh4 30. g3 Nf5 31. Nf3 Qh6 32. Rb4 Ne3 33. Rd3 b5 34. Qxa6 Nd5 35. Rxb5 h4 36. Nxh4 Nf4 37. gxf4 Qxh4 38. Rbb3 Qxf4 39. Rf3 Qc1+ 40. Qf1 Qg5+ 41. Rg3 Qf4 42. Rb4 Qf5 43. Qe2 Bh6 44. Qe4 Qxe4 45. Rxe4 Bc1 46. Rh4 Kg7 47. Rgh3 g5 48. Rh7+ Kg6 49. R3h6+ Kf5 50. Rxf7+ Ke4 51. Rb7 Rg8 52. Kg2 g4 53. Rh1 Bf4 54. Rb4+ Kf5 55. Rh7 Bd2 56. Rbb7 Bc1 57. a4 Rg5 58. b4 Rcg8 59. Rbf7+ Ke4 60. c6 Bf4 61. Rxf4+ Kxf4 62. b5 g3 63. Rf7+ Ke4 64. f3+ Kd5 65. Rf4 Rh5 66. Rg4 Rgh8 67. Kxg3 Rh3+ 68. Kf2 Rh1 69. Rg1 R1h4 70. Rd1+ Kc4 71. b6 Rh2+ 72. Ke3 Rb2 73. Rc1+ Kd5 74. Rc5# 1-0

[Event "EGY-ch (Women)"]
[Site "Cairo"]
[Date "2024.04.19"]
[Round "4"]
[White "Mohamed Zaki, Jana"]
[Black "Tamer, Jana"]
[Result "1-0"]
[WhiteElo "1815"]
[BlackElo "1607"]
[PlyCount "35"]
[EventDate "2024.04.17"]
[EventType "swiss"]
[EventRounds "9"]
[EventCountry "EGY"]
[SourceTitle "CBM 220 Extra"]
[Source "ChessBase"]
[SourceDate "2024.07.31"]
[SourceVersion "1"]
[SourceVersionDate "2024.07.31"]
[SourceQuality "1"]

1. e4 c5 2. Nf3 Nc6 3. Bc4 g6 4. c3 Bg7 5. 0-0 e5 6. d3 Nge7 7. Be3 d6 8. Ng5 0-0 9. Qf3 Qe8 10. a4 Nd8 11. Na3 a6 12. h4 h6 13. Nh3 Nec6 14. Qg3 Ne6 15. f4 exf4 16. Bxf4 Nxf4 17. Nxf4 Be5 18. Qxg6+ 1-0

[Event "EGY-ch (Women)"]
[Site "Cairo"]
[Date "2024.04.18"]
[Round "3"]
[White "Adel, Sara"]
[Black "Mohamed Zaki, Jana"]
[Result "1/2-1/2"]
[WhiteElo "1892"]
[BlackElo "1815"]
[PlyCount "44"]
[EventDate "2024.04.17"]
[EventType "swiss"]
[EventRounds "9"]
[EventCountry "EGY"]
[SourceTitle "CBM 220 Extra"]
[Source "ChessBase"]
[SourceDate "2024.07.31"]
[SourceVersion "1"]
[SourceVersionDate "2024.07.31"]
[SourceQuality "1"]

1. e4 e6 2. d4 d5 3. Nd2 Nc6 4. c3 e5 5. Bb5 exd4 6. cxd4 dxe4 7. Nxe4 Bb4+ 8. Nc3 Qd5 9. Qe2+ Nge7 10. Nf3 Bg4 11. 0-0 Bxf3 12. Qxf3 Qxf3 13. gxf3 0-0-0 14. Bxc6 Nxc6 15. d5 Nd4 16. Kg2 Rd6 17. Bf4 Rf6 18. Bg3 Bxc3 19. bxc3 Nxf3 20. Rad1 Rd8 21. Rd3 Ng5 22. f4 Ne6 1/2-1/2